|
|
|
|
| LEADER |
00000cam a2200000 7i4500 |
| 001 |
0000086442 |
| 005 |
20211215.0 |
| 008 |
210228 |
| 020 |
|
|
|a 9789672254041 (Set)
|
| 020 |
|
|
|a 9789672254102
|
| 041 |
0 |
|
|a Malay
|
| 090 |
0 |
0 |
|a SC
|b MAL
|
| 100 |
0 |
|
|a Azian Mohamad Noor
|
| 245 |
1 |
0 |
|a Buru haiwan purba bersama Ahli Paleontologi
|c Azian Mohamad Noor
|
| 260 |
|
|
|a Selangor :
|b Penerbit Prisma Sdn Bhd ,
|c 2019
|
| 300 |
|
|
|a 54 p. :
|b ill. ;
|c 21.5 cm.
|
| 490 |
0 |
|
|a Sainspirasi : Ahli Sains di tempat kerja
|
| 500 |
|
|
|a Children ages 10-12 years old (pink)
|
| 541 |
0 |
0 |
|c Purchased on 2020
|f 2010 ZAR
|h RM28.20
|
| 650 |
|
0 |
|a Paleontologists
|x Juvenile literature
|
| 650 |
|
0 |
|a Scientist
|x Juvenile literature
|
| 999 |
|
|
|a 0001653937
|b Book
|c Children Collection
|e Cawangan Segamat
|
| 999 |
|
|
|a 0001653938
|b Book
|c Children Collection
|e Cawangan Bukit Gambir
|
| 999 |
|
|
|a 0001653939
|b Book
|c Children Collection
|e Cawangan Mersing
|
| 999 |
|
|
|a 0001653940
|b Book
|c Children Collection
|e Cawangan Kota Tinggi
|
| 999 |
|
|
|a 0001653941
|b Book
|c Children Collection
|e Cawangan Taman Sri Lambak
|
| 999 |
|
|
|a 0001653942
|b Book
|c Children Collection
|e Cawangan Pontian
|
| 999 |
|
|
|a 0001653943
|b Book
|c Children Collection
|e Cawangan Taman Universiti
|
| 999 |
|
|
|a 0001653944
|b Book
|c Children Collection
|e Cawangan Bandar Tenggara
|
| 999 |
|
|
|a 0001653945
|b Book
|c Children Collection
|e Cawangan Tangkak
|
| 999 |
|
|
|a 0001653947
|b Book
|c Children Collection
|e Cawangan Tmn. Ungku Tun Aminah
|
| 999 |
|
|
|a 0001653948
|b Book
|c Children Collection
|e Cawangan Bandar Penawar
|
| 999 |
|
|
|a 0001653949
|b Book
|c Children Collection
|e Cawangan Muar
|
| 999 |
|
|
|a 0001653950
|b Book
|c Children Collection
|e Cawangan Batu Pahat
|
| 999 |
|
|
|a 0001655249
|b Book
|c Children Collection
|e Perbadanan Perpustakaan Awam Johor
|
| 999 |
|
|
|a 0001655250
|b Book
|c Children Collection
|e Cawangan Urban Transformation Centre
|
| 999 |
|
|
|a 0001655251
|b Book
|c Children Collection
|e Cawangan AEON Kulaijaya
|